K životnému jubileu h. profesorky MUDr. Heleny Drobnej, PhD.

Bibliographic Details
Main Author: Huttová, Mária, 1933- (Author)
Format: Article
Language:Slovak
Subjects:

MARC

LEADER 00000nab a2200000ua 4500
001 vtls012195464
003 SK-MaSNL
005 20260303122422.0
008 230209s2006 xo |||||||||||||||||slo|
041 0 |a slo 
044 |a xo  |c SK 
080 |a 61-051  |2 2001 
080 |a 929 Drobná, Helena  |2 2001 
100 1 |a Huttová, Mária,  |d 1933-  |4 aut  |9 118461 
245 1 0 |a K životnému jubileu h. profesorky MUDr. Heleny Drobnej, PhD.  |c Mária Huttová 
600 1 7 |a Drobná, Helena,  |d 1946-  |2 SNKMA  |9 223307 
773 0 |t Praktická gynekológia  |g Roč. 13, č. 4 (2006), s. 126-127 
954 |a odborná, vedecká literatúra pôvodná (slovenská)  |2 lita 
958 |a OND 
958 |a article3 
999 |c 1920937  |d 1922867